Jicaral

Guardado en:
書目詳細資料
主要作者: Pérez Cadalso, Eliseo
格式: 圖書
語言:Undetermined
出版: Bogotá, Colombia Ediciones Espiral 1947
主題:
標簽: 添加標簽
沒有標簽, 成為第一個標記此記錄!

MARC

LEADER 00000nam a2200000Ia 4500
008 170316s9999 xx 000 0 und d
040 |a cru BVZT 
090 |a 860 P-23j 
100 |a Pérez Cadalso, Eliseo 
245 |a Jicaral 
260 |a Bogotá, Colombia  |b Ediciones Espiral  |c 1947 
300 |a 29 páginas 
650 |a LITERATURA LATINOAMERICANA 
999 |c 9085  |d 9085 
942 |c 15 D  |h 860 P-23j  |2 z